THE EXAMINATION OF THE COMPOSITION OF WASTE TAKEN TO THE REFUSE DUMP

Elmentve itt :
Bibliográfiai részletek
Szerzők: Molnár Tamás
Farkas Ferenc
Dokumentumtípus: Cikk
Megjelent: 2016
Sorozat:ACTA TECHNICA CORVINIENSIS – BULLETIN OF ENGINEERING 9 No. 3
Tárgyszavak:
mtmt:3107891
Online Access:http://publicatio.bibl.u-szeged.hu/39880
LEADER 00735nab a2200217 i 4500
001 publ39880
005 20260416125649.0
008 260416s2016 hu o 000 eng d
022 |a 2067-3809 
024 7 |a 3107891  |2 mtmt 
040 |a SZTE Publicatio Repozitórium  |b hun 
041 |a eng 
100 1 |a Molnár Tamás 
245 1 4 |a THE EXAMINATION OF THE COMPOSITION OF WASTE TAKEN TO THE REFUSE DUMP  |h [elektronikus dokumentum] /  |c  Molnár Tamás 
260 |c 2016 
300 |a 4 
300 |a 155-158 
490 0 |a ACTA TECHNICA CORVINIENSIS – BULLETIN OF ENGINEERING  |v 9 No. 3 
650 4 |a Ipari biotechnológia 
700 0 1 |a Farkas Ferenc  |e aut 
856 4 0 |u http://publicatio.bibl.u-szeged.hu/39880/1/ACTA-2016-3-26.pdf  |z Dokumentum-elérés